The ecological detective

Saved in:
Bibliographic Details
Main Author: Hilborn, Ray 1947-
Other Authors: Mangel, Marc
Format: Book
Language:English
Published: New Jersey : Princeton University Press, 1997
Series:Monographs in population biology ; ; 28
Subjects:
Tags: Add Tag
No Tags, Be the first to tag this record!

MARC

LEADER 00000nam a2200000 i 4500
001 1/25621
008 981209s1997 eng d
020 |a 0-691-03497-4 
035 |l 10037379 
040 |a GR-MY-UA  |b gre  |e aacr 
041 0 |a eng 
082 0 |a 574.50151 
100 1 |a Hilborn, Ray  |d 1947- 
245 1 4 |a The ecological detective /  |c confronting models with data ; Ray Hilborn and Marc Mangel 
260 |a New Jersey :   |b Princeton University Press,   |c 1997 
300 |a 315 p. 
490 1 |a Monographs in population biology  |v ; 28 
504 |a Includes bibliographical references and index 
650 0 0 |a Ecology  |x Mathematical models. 
700 1 |a Mangel, Marc. 
830 0 |a Monographs in population biology ;  |v ; 28 
852 |a INST  |b LESVOS  |e 19981209  |h 574.50151 HIL  |p 005100017601  |q 005100017601  |t BK  |y 0 
901 |a BIBL-1999-1 
909 |a Λ  |b 061090 
922 |a 1ΕΛΗ  |b 199811  |c ΚΠΣ/ΤΠ  |d ΠΑΠΑΣΩΤΗΡΙΟΥ 
950 |a 107-1998-07-17